Géographie de l'Amérique du Sud par lettre - L - Statistiques

Statistiques générales
  • Ce quiz a été pris 88 fois
  • Le résultat moyen est 7 sur 20
Statistiques - réponses
Question Réponse % Correct
Maracaibo (Vénézuéla), Dos Patos (Brésil), Titicaca (Pérou et Bolivie) sont les trois plus grands d'Amérique du Sud Lac
94%
A Macapa (Amapa, Brésil), ou à Quito (Equateur), elle est très proche de zéro Latitude
84%
Capitale fondée par Pizarro en 1535 Lima
72%
Camélidé domestiqué de longue date en tant que bête de somme, mais aussi pour sa fourrure et sa viande Lama
70%
Elément chimique, utilisé notamment pour faire des batteries, dont La Bolivie et l'Argentine ont les plus grosses ressources mondiales estimées. Lithium
68%
Si la plupart des pays d'Amérique du Sud sont hispanophones, le Brésil, lui, est ... Lusophone
61%
Fibre d'origine animale dont l'Argentine et l'Uruguay sont d'importants producteurs Laine
56%
Ce roi des Belges était aussi explorateur, il a notamment réalisé des expéditions au Brésil et au Vénézuéla Leopold III
46%
Estuaire commun aux fleuves Uruguay et Parana Rio de {La Plata}
28%
L'une des 16 régions du Chili Région des {Lacs}
24%
Ethnologue français qui a beaucoup étudié les peuples amazoniens Claude Levi-Strauss
20%
Célèbre journaliste français (1884-1932) qui a dénoncé le bagne en Guyane et largement contribué à sa fermeture. Albert Londres
11%
Vaste plaine herbeuse, avec une végétation de type savane, qui s'étend le long du bassin de l'Orénoque, entre la Colombie et le Vénézuéla. Signifie "plaines" en espagnol Llanos
11%
Quartier bourgeois de Rio de Janeiro disposant d'une belle plage Leblon
10%
Homme d'Eglise espagnol (1484-1566), défenseur des droits des peuples autochtones, connu notamment pour sa participation à la "Controverse de Valladolid" Bartolomé de Las Casas
8%
L'un des 17 Etats du Venezuela, c'est aussi un prénom Lara
6%
Capitale du département colombien d'Amazonas Leticia
5%
Nom donné à une coulée de boue destructrice d'origine volcanique, telle que la Colombie en a connu en 1985 (8 m de haut et 23 000 morts) Lahar
4%
Ville et province d'Equateur Loja
3%
Bien qu'elle soit souvent qualifiée "de Cuba" ou "des Caraïbes", le Brésil en est le principal producteur mondial Langouste
1%
Aucun quiz correspondant
Distribution des résultats
% des personnes avec chaque résultat
Percentile par nombre de réponses
Votre historique - résultats
Vous n’avez pas pris ce quiz